Statistiques concernant Cette année-là:1801

Cliquez ici pour prendre le quiz!

Statistiques générales

  • Ce quiz a été pris 34 fois
  • Le résultat moyen est 4 sur 10

Statistiques - réponses

HintRéponse% Correct
28 mars: Création d'une monnaie qui restera inchangée jusqu'en 1928!Franc germinal
85%
30 août: Après un siège à Alexandrie la France capitule, c'est la fin de la...Campagne d'Egypte
74%
15 juillet: Cet accord entre le Saint siège et la France permet la reconnaissance de la religion catholique par la RépubliqueLe Concordat
56%
12 juillet: Ancien esclave créole, la constitution de Saint Domingue me donne les pleins pouvoirs à vieToussaint Louverture
56%
5 janvier: Vague d'expulsion contre ce parti d'opposition révolutionnaire suite à l'attentat contre le premier consul.Jacobins
41%
12 septembre: Au havre, Robert Fulton fait sensation avec un engin nouveau le ...sous-marin
26%
21 mars-6juin: Cette guerre au nom d'agrume se solde par une victoire de l'Espagne (pro France) contre le Portugal (pro Anglais)Guerre des oranges
15%
9 février:Ce traité met fin à la guerre entre France et AutricheTraité de Lunéville
15%
12 mars: Tsar admirateur de Bonaparte, je suis assassiné sur commande des AnglaisPaul Ier
11%
8 octobre: Acte qui met fin aux hostilités entre la France et la RussiePaix de Paris
4%

Distribution des résultats

Percentile par nombre de réponses

% des personnes avec chaque résultat

Votre développement - résultats

Vous n’avez pas pris ce quiz